000
00292nam a22001337a 4500
008
181012b xxu||||| |||| 00| 0 eng d
020
_a
006061375
041
_a
eng
080
_a
201
100
_a
24
101
_a
FIL
245
_a
The Church and The Second Sex
_c
Daly, M
942
_2
udc
_c
BK
999
_c
49597
_d
49597